Enciclopedia estudiantil Lexus (Registro nro. 221)

Detalles MARC
000 -Cabecera
Campo de control interno 00550nam a2200205Ia 4500
005 - Fecha y hora del registro
control field 20260302114448.0
008 - Elementos de Longitud Fija
fixed length control field 251203t1997||||xx |||||||||||||| ||spa||
020 ## - ISBN
ISBN 9972625095
041 ## - Idioma
Codigo Idioma ESP
082 ## - DEWEY y NOTACIÓN INTERNA
Dewey RE 036
Notación Interna E56
110 ## - AUTOR INSTTITUCIONAL
Autor Institucional Lexus Editores
245 #0 - TÍTULO DE MATERIAL BIBLIOGRÁFICO
Título Enciclopedia estudiantil Lexus
260 ## - CIUDAD, EDITORIAL, AÑO
Ciudad Barcelona :
Nombre de la Editorial Lexus Editores,
Año 1997
300 ## - DESCRIPCIÓN
N° Páginas 1072 páginas :
Otros detalles ilustraciones ;
Dimensiones 27 cm.
650 ## - TEMAS
Temas Generalidades
653 ## - DESCRIPTORES
Lenguajes no controlado Obras enciclopédicas en Español; Diccionario
654 ## - PROGRAMAS
Programa Todos los programas
942 ## - ELEMENTOS DE KOHA
Tipo de documento Enciclopedia
Nombre del creador Justo Noguera
Código de catalogador Tania Ramirez
Esquema de clasificación Dewey Decimal Classification
Existencias
Codigo completo Registro Colección Copia número Disponibilidad Tipo de préstamo Biblioteca Actual Procedencia (Biblioteca) Ubicacón Fecha Ingreso Tipo de Adquisición Date last seen Total checkouts Price effective from Tipo de Item Estado del Material Fuente de Clasificación Damaged status Withdrawn status
RE 036 E56 1085092 Colección Vera Bejar 1   Restringido Víctor Andrés Belaunde Víctor Andrés Belaunde Planta baja cerrada 03/12/2025 Donación 03/12/2025   03/12/2025 Enciclopedia Bueno Dewey Decimal Classification   Withdrawn